000
00309nam a22001337a 4500
008
170627b xxu||||| |||| 00| 0 eng d
020
_a
9780176740740
041
_a
eng
080
_2
10 ED
_a
05
100
_a
21
101
_a
GJL
245
_a
WIE GEHTS INTRODUCTORY GERMAN
_c
PITTS.D
942
_2
udc
_c
BK
999
_c
19300
_d
19300